00509nam a22001577a 450000500170000000800410001702000180005804000130007608200210008910000280011024500940013826000510023230000110028365000260029465000310032020251204100312.0251125b |||||||| |||| 00| 0 eng d a9780521873758 cPK-LaUMT a616.07548bPAP-C aPapanicolaou, Andrew C. aClinical magneto-encephalography and magnetic source imaging /cby Andrew C. Papanicolaou aCambridge :bCambridge University Press,c2009 a207 p. aMagnetoencephalogrphy aMagnetic resonance imaging